000 01083nam a2200217Ia 4500
003 Ost
005 20260416102400.0
008 260416s9999||||xx |||||||||||||| ||und||
040 _cfsecg
041 _aara
082 _a310
100 _aبوزنورة،أسماء
_eمؤلف
245 0 _aالإحصاء 2 :
_bمقدمة لطلبة السنة الأولى جدع مشترك /
_cأسماء بوزنورة
260 _aالجزائر
_bجامعة الجزائر3: كلية العلوم الإقتصادية، العلوم التجارية وعلوم التسيير
_c2023
300 _a107 ورقة
_bايضاحات
_c12 سم
504 _aالمراجع ص107
520 _aمدخل الى المجموعات، التحليل التوفيقي، الاحتمالات،المتغيرات العشوائية: Random Variable،التوزيعات الاحتمالية.
653 _aالاحصاء
710 _aجامعة الجزائر3: كلية العلوم الإقتصادية، العلوم التجارية وعلوم التسيير
_eناشر علمي
942 _cHANDOUT
999 _c41405
_d41405